| 000 | 00998nam a22002057a 4500 | ||
|---|---|---|---|
| 999 |
_c18406 _d18406 |
||
| 003 | BDDh-ASL | ||
| 005 | 20231015025715.0 | ||
| 008 | 200929b1957 ||||| b||| 00| 0 d | ||
| 040 |
_aBDDh-ASL _cBDDh-ASL _dBDDh-ASL |
||
| 041 | _aBengali | ||
| 082 |
_a327.47 _bBHS |
||
| 100 |
_91241 _aভট্টাচার্য, জগদীশ |
||
| 245 | 1 |
_aসনেটের আলোকে মধুসূদন ও রবীন্দ্রনাথ / _cজগদীশ ভট্টাচার্য। |
|
| 246 | _aSoneter Aloke Modhusudan O Rabindranath. | ||
| 260 |
_aকলিকাতা: _bবেঙ্গল পাবলিশার্স প্রাইভেট লিমিটেড, _c১৯৫৭। |
||
| 300 |
_a২৬৪ পৃষ্ঠা: _c২২ সে. মি.। |
||
| 504 | _aগ্রন্থপঞ্জি সংযুক্ত। | ||
| 650 | 0 |
_91242 _aবিশ্ব রাজনীতি _xআন্তর্জাতিক সম্পর্ক |
|
| 942 |
_2ddc _cBK |
||